[Event "27th 4NCL Congress Open 2022"]
[Site "Harrogate"]
[Date "2022.01.22"]
[Round "1.8"]
[White "Fathallah, Joe"]
[Black "Sowray, Peter J"]
[Result "0-1"]
[WhiteElo "1882"]
[BlackElo "2239"]
[Annotator "TA"]
[PlyCount "168"]
[EventDate "2022.01.21"]
[EventType "swiss"]
[EventCountry "ENG"]
[SourceTitle "playchess.com"]
[Source "ChessBase"]
[SourceQuality "1"]

{[%evp 13,167,9,13,17,18,13,16,13,15,16,17,20,18,8,18,0,17,0,0,6,2,-70,-72,-66,-67,-62,-67,-66,-63,-64,-63,-61,0,0,0,0,0,0,0,-12,0,0,16,22,91,4,14,2,11,0,4,0,0,-4,-4,-9,-22,-90,-66,-60,-72,-158,-120,-241,-241,-221,-195,-182,-189,-264,-277,-262,-208,-268,-278,-274,-267,-254,-226,-243,-243,-326,-322,-329,-325,-315,-308,-335,-335,-355,-347,-355,-346,-352,-303,-344,-341,-354,-274,-325,-317,-347,-350,-508,-505,-646,-645,-1844,-1040,-29959,-29961,-29959,-29962,-29961,-29963,-29967,-29968,-29969,-29970,-29970,-29971,-29971,-29965,-29963,0,-29971,-29972,-29973,-29971,-29971,-29971,-29979,-29980,-29980,-29981,-29980,-29981,-29981,-29976,-29976,-29977,-29977,-29977,-29977,-29978,-29978,-29979,-29979,-29980,-29978,-29978,-29997,-29998,-29998,-29999,-29999]} 1. d4 d5 2. c4 e6 3. Nc3 Nf6 4. cxd5 exd5 5. Bg5 {[%cal Bc1g5,Bg5h4,Bh4g3][%mdl 32]} c6 6. e3 Bd6 7. Bd3 O-O 8. Qc2 {[%cal Od3h7] Hoping for Bxh7+! D35: Queen's Gambit Declined: Exchange Variation.} h6 9. Bh4 Re8 10. Nge2 {The position is equal.} a5 11. Bg3 Na6 {[%cal Bb8a6,Ba6c7,Bc7e6,Be6g5][%mdl 32]} 12. a3 {Inhibits Nb4.} Nc7 13. O-O Ne6 14. Rab1 Ng5 15. b4 {[#]} Bxg3 $146 ({Predecessor:} 15... axb4 16. axb4 Bxg3 17. Nxg3 Qd6 18. b5 Bd7 19. bxc6 bxc6 20. Na4 h5 21. Nb6 h4 22. Nxd7 Qxd7 {1-0 (65) Lombaers,P (2366)-Zwirs,N (2420) Amstelveen 2019}) 16. hxg3 Qd6 17. Bf5 ({White should play} 17. b5 $11) 17... Bxf5 $15 18. Qxf5 Nge4 {White must now prevent ...Nd2.} 19. Nxe4 Nxe4 20. Rb2 {Inhibits Nd2.} Qe7 {Black is more active.} 21. Nf4 axb4 22. axb4 Ra3 (22... Nd6 $15 23. Qc2 Nc4) 23. b5 $1 $11 Nd6 {[%csl LRb5,LRf5]} 24. Qh5 Nxb5 25. Nxd5 $1 Qe4 ({Don't take} 25... cxd5 26. Rxb5 Qe6 27. Rfb1 $16 (27. Qxd5 Qxd5 28. Rxd5 Rb3 $16) (27. Rxd5 Rea8 $16)) 26. Nb4 Ra4 27. Qc5 Rb8 28. Rc1 Ra3 {[#]} (28... Re8 $11) 29. Qc2 (29. Nxc6 $1 $16 bxc6 30. Rxb5 $1 cxb5 31. Qxa3) 29... Qxc2 (29... Rxe3 $2 30. fxe3 Qxe3+ 31. Kh2 $18) 30. Rcxc2 Rc8 31. g4 Nd6 32. Kh2 Kf8 33. Ra2 Rca8 {[%cal Bc8a8,Ba8a3,Ba3b3][%mdl 32]} 34. Rxa3 Rxa3 {[%mdl 4096] Endgame KRN-KRN} 35. d5 (35. Kg3 $11 {keeps the balance.}) 35... Rb3 36. Na2 cxd5 {[%cal Od5d4]} 37. Rd2 {Black continues to play with concentration.} (37. Nc3 $142) 37... Ne4 $17 38. Rxd5 (38. Rc2 $17) 38... Nxf2 $19 39. Kg3 Ne4+ 40. Kf4 Nf6 41. Rc5 (41. Rd2 {was necessary.}) 41... Rb2 {aiming for ...Rf2+.} 42. Nc3 Rxg2 43. Rc8+ Ke7 44. Rc7+ Ke6 45. Rxb7 Rxg4+ 46. Kf3 Rc4 47. Rb6+ Kd7 48. Ne2 Rc6 49. Rb7+ Rc7 50. Rb5 g6 51. Nf4 Ke7 52. Rb6 Rd7 53. Ne2 Nd5 54. Ra6 Kf8 55. e4 Ne7 56. Nf4 Kg7 57. e5 Nf5 58. e6 (58. Ra5 $142) 58... Nd4+ 59. Kg4 Nxe6 {Strongly threatening ...Rd4.} 60. Nxe6+ fxe6 61. Rxe6 {KR-KR} Rd4+ 62. Kg3 h5 {[%cal Bh6h5,Bh5h4][%mdl 32]} 63. Ra6 Kh6 64. Rb6 h4+ 65. Kh3 Kh5 66. Rb8 Rd3+ 67. Kh2 Rd2+ 68. Kh3 Rd3+ ({And not} 68... g5 69. Rh8+ Kg6 70. Rg8+ Kf7 71. Rxg5 $11) 69. Kh2 $1 g5 {[%cal Bg6g5,Bg5g4][%mdl 32] Black mates.} 70. Rb4 Rf3 71. Kg2 Rf5 72. Kh3 g4+ 73. Kg2 h3+ 74. Kg3 Rf3+ 75. Kh2 Kh4 76. Ra4 Rf2+ 77. Kg1 Rg2+ 78. Kh1 Re2 79. Kg1 Kg3 {[%cal Re2e1]} 80. Ra3+ {[#]} Kf4 $1 81. Ra8 Kf3 82. Ra7 Re1+ 83. Kh2 g3+ 84. Kxh3 Rh1# {Weighted Error Value: White=0.35/Black=0.10 (very precise)} 0-1

[Event "27th 4NCL Congress Open 2022"]
[Site "Harrogate"]
[Date "2022.01.21"]
[Round "1.9"]
[White "Bradbury, Neil H"]
[Black "Varley, Joe"]
[Result "1/2-1/2"]
[WhiteElo "2241"]
[BlackElo "1832"]
[Annotator "ChessBase"]
[PlyCount "59"]
[EventDate "2022.01.21"]
[EventType "swiss"]
[EventCountry "ENG"]
[SourceTitle "playchess.com"]
[Source "ChessBase"]
[SourceQuality "1"]
[TimeControl "5400+30"]

1. d4 {[%emt 0:13:00]} Nf6 {[%emt 0:00:08]} 2. c4 {[%emt 0:04:19]} g6 {[%emt 0:00:08]} 3. Nc3 {[%emt 0:00:32]} d5 {[%emt 0:00:12]} 4. e3 {[%emt 0:00:40]} Bg7 {[%emt 0:00:13]} 5. Nf3 {[%emt 0:00:05]} O-O {[%emt 0:00:22]} 6. cxd5 {[%emt 0:00:38]} Nxd5 {[%emt 0:00:20]} 7. Bc4 {[%emt 0:00:14]} Nb6 {[%emt 0:02:50]} 8. Bb3 {[%emt 0:02:48]} Na6 {[%emt 0:04:01]} 9. a4 {[%emt 0:04:05]} c5 {[%emt 0:07:09]} 10. a5 {[%emt 0:04:08]} Nd7 {[%emt 0:02:13]} 11. O-O {[%emt 0:01:42]} cxd4 {[%emt 0:13:49]} 12. exd4 {[%emt 0:00:06]} Nf6 {[%emt 0:00:33]} 13. Ne5 {[%emt 0:00:13]} Nc7 {[%emt 0:04:14]} 14. Be3 {[%emt 0:11:40]} Be6 {[%emt 0:05:38]} 15. Bxe6 {[%emt 0:10:36]} Nxe6 {[%emt 0:00:15]} 16. a6 {[%emt 0:00:06]} bxa6 {[%emt 0:04:43]} 17. Rxa6 {[%emt 0:05:01]} Nc7 {[%emt 0:00:12]} 18. Ra3 {[%emt 0:00:34]} Qd6 {[%emt 0:03:57]} 19. Qf3 {[%emt 0:05:53]} Nfd5 {[%emt 0:10:10]} 20. Ne4 {[%emt 0:07:21]} Qb4 {[%emt 0:07:54]} 21. Nd3 {[%emt 0:05:06]} Qb6 {[%emt 0:07:11]} 22. Nec5 {[%emt 0:01:07]} Rfd8 {[%emt 0:06:59]} 23. Rfa1 {[%emt 0:05:23]} a5 {[%emt 0:04:16]} 24. g3 {[%emt 0:02:18]} Nb5 {[%emt 0:01:49]} 25. Ra4 {[%emt 0:00:44]} Ra7 {[%emt 0:03:32]} 26. Kg2 {[%emt 0:00:47]} Nbc7 {[%emt 0:02:50]} 27. b4 {[%emt 0:00:20]} Rda8 {[%emt 0:01:38]} 28. bxa5 {[%emt 0:10:12]} Rxa5 {[%emt 0:00:09]} 29. Nd7 {[%emt 0:00:09]} Qb5 {[%emt 0:00:52]} 30. Rxa5 {[%emt 0:00:46]} 1/2-1/2

[Event "27th 4NCL Congress Open 2022"]
[Site "Harrogate"]
[Date "2022.01.21"]
[Round "1.10"]
[White "Brencher, Paul"]
[Black "Townsend, M Paul"]
[Result "0-1"]
[WhiteElo "1875"]
[BlackElo "2159"]
[Annotator "TA"]
[PlyCount "114"]
[EventDate "2022.01.21"]
[EventType "swiss"]
[EventCountry "ENG"]
[SourceTitle "playchess.com"]
[Source "ChessBase"]
[SourceQuality "1"]

{[%evp 10,114,32,13,21,17,20,11,3,4,15,6,7,-7,0,0,25,29,26,21,24,27,26,22,27,12,15,20,29,1,0,1,0,0,2,2,28,25,28,0,0,0,0,-8,-18,-124,-6,-6,-3,-14,-6,-17,0,-10,-14,-20,-15,-15,-14,-20,-17,-20,0,0,0,0,15,0,0,0,0,0,0,0,68,0,8,-8,-19,-48,-29,-139,-139,-83,0,-205,-84,-183,-183,-12847,-6744,-6544,-2349,-29975,-29975,-29975,-29976,-29978,-29976,-29982,-29983,-29983,-29983,-29986,-29986,-29986,-29987]} 1. d4 Nf6 2. Bg5 e6 {[%cal Be7e6,Be6e5,Be5d4][%mdl 32]} 3. e4 h6 4. Bxf6 Qxf6 5. c3 d6 6. Bd3 g6 {A45: Trompowsky Attack.} 7. Ne2 e5 8. O-O Bg7 {The position is equal.} 9. f4 Qe7 10. Nd2 O-O 11. f5 exd4 12. fxg6 {[#]} fxg6 $146 ({Predecessor:} 12... Nc6 13. gxf7+ Rxf7 14. Qb3 Ne5 {½-½ (14) Bomans,A (2262)-Geske,J (2382) Heusenstamm 2018}) 13. Rxf8+ ({But not} 13. cxd4 Rxf1+ 14. Qxf1 Nc6 $17) 13... Qxf8 14. Qb3+ Kh8 15. Rf1 Qe8 16. Nxd4 Na6 17. Bc4 Nc5 {[%csl LRb3,LRe4]} 18. Qc2 Ne6 19. Nxe6 Bxe6 20. Qb3 {[%csl LRb7,LRe6]} Bxc4 21. Qxc4 Rc8 22. a4 Qe7 23. Rf7 Qg5 24. Qe6 Rf8 25. Rxf8+ Bxf8 26. Qf7 Bg7 27. Qf2 (27. Nf3 $11 Qe3+ 28. Kh1) 27... b6 (27... Qa5 $17 28. Nf3 Qxa4) 28. Qe2 $11 Kh7 29. Nf3 Qc5+ 30. Kf1 Bf6 31. Qd3 Qc6 32. Qc2 Qc4+ 33. Kf2 $1 Kg7 34. Nd2 Qc5+ 35. Kf1 Bg5 36. Nf3 Bf4 37. Qd3 h5 38. Qd4+ Qxd4 39. cxd4 {[%mdl 4096] Endgame KB-KN} Kf6 40. Ke2 g5 {[#] White must now prevent ...g4.} 41. h3 Ke6 (41... g4 $11 42. hxg4 hxg4) 42. Kd3 (42. d5+ $14 Kd7 43. b4) 42... d5 43. e5 g4 44. hxg4 hxg4 45. Ne1 (45. Ng1 $1 $11 {was the only way to keep the balance.}) 45... c5 $17 46. Nc2 g3 (46... a6 $17 47. a5 c4+ 48. Kc3 bxa5) 47. a5 $2 (47. b4 $1 $11 {and White has nothing to worry.}) 47... c4+ (47... bxa5 $19 {has better winning chances. Hoping for ...a4.} 48. dxc5 Bxe5) 48. Ke2 (48. Kc3 $17 bxa5 49. b3) 48... bxa5 $19 {[%cal Bb6a5,Ba5a4][%mdl 32] [#] Strongly threatening ...Bc1.} 49. Kf3 $2 (49. Kd1) 49... Bc1 50. Kxg3 Bxb2 (50... a4 $142 51. Kf3 Bxb2) 51. Kf3 a4 {Black mates.} 52. Nb4 Bxd4 53. g4 Bxe5 54. g5 a5 55. Nc2 Bb2 56. Ke3 Kf5 57. Kd2 a3 {Weighted Error Value: White=0.40/Black=0.23 (precise)} 0-1

[Event "27th 4NCL Congress Open 2022"]
[Site "Harrogate"]
[Date "2022.01.21"]
[Round "1.11"]
[White "Sedykh, Mikhail"]
[Black "Hymer, Barry"]
[Result "1/2-1/2"]
[WhiteElo "2122"]
[BlackElo "1896"]
[Annotator "ChessBase"]
[PlyCount "41"]
[EventDate "2022.01.21"]
[EventType "swiss"]
[EventCountry "ENG"]
[SourceTitle "playchess.com"]
[Source "ChessBase"]
[SourceQuality "1"]
[TimeControl "5400+30"]

1. d4 {[%emt 0:00:05]} Nf6 {[%emt 0:00:11]} 2. c4 {[%emt 0:00:08]} d6 {[%emt 0:00:15]} 3. Nf3 {[%emt 0:01:17]} Nbd7 {[%emt 0:00:08]} 4. Nc3 {[%emt 0:00:54]} e5 {[%emt 0:00:08]} 5. g3 {[%emt 0:02:17]} Be7 {[%emt 0:00:07]} 6. Bg2 {[%emt 0:00:04]} O-O {[%emt 0:00:13]} 7. O-O {[%emt 0:00:21]} c6 {[%emt 0:00:11]} 8. Qc2 {[%emt 0:02:53]} a6 {[%emt 0:01:47]} 9. Rd1 {[%emt 0:04:35]} Qc7 {[%emt 0:00:08]} 10. Nh4 {[%emt 0:05:54]} Re8 {[%emt 0:05:13]} 11. Nf5 {[%emt 0:02:50]} Bf8 {[%emt 0:00:11]} 12. b3 {[%emt 0:04:10]} Rb8 {[%emt 0:03:28]} 13. Ba3 {[%emt 0:06:41]} exd4 {[%emt 0:05:20]} 14. Rxd4 {[%emt 0:04:22]} Nc5 {[%emt 0:12:30]} 15. b4 {[%emt 0:14:57]} g6 {[%emt 0:05:19]} 16. bxc5 {[%emt 0:21:25]} dxc5 {[%emt 0:00:52]} 17. Rf4 {[%emt 0:04:25]} Nh5 {[%emt 0:14:09]} 18. Rg4 {[%emt 0:04:03]} Nf6 {[%emt 0:04:00]} 19. Rf4 {[%emt 0:03:02]} Nh5 {[%emt 0:07:24]} 20. Rg4 {[%emt 0:01:19]} Nf6 {[%emt 0:00:09]} 21. Rf4 {[%emt 0:04:06]} 1/2-1/2

[Event "27th 4NCL Congress Open 2022"]
[Site "Harrogate"]
[Date "2022.01.22"]
[Round "1.12"]
[White "Lampard, Alice"]
[Black "Wilks, Simon"]
[Result "1/2-1/2"]
[WhiteElo "1754"]
[BlackElo "2092"]
[Annotator "TA"]
[PlyCount "137"]
[EventDate "2022.01.21"]
[EventType "swiss"]
[EventCountry "ENG"]
[SourceTitle "playchess.com"]
[Source "ChessBase"]
[SourceQuality "1"]

{[%evp 14,137,-8,-10,-2,6,13,0,0,-1,32,26,45,52,54,42,87,13,46,48,37,37,37,37,37,34,37,34,35,35,42,42,41,34,39,43,49,26,47,35,52,41,50,47,54,42,70,58,89,81,85,75,75,75,75,75,75,74,75,75,75,75,78,62,116,114,156,111,139,128,135,125,205,122,112,108,128,75,75,75,283,75,75,75,75,0,143,143,411,285,356,262,285,0,1225,896,12838,12839,12839,12839,12839,12839,12839,0,12837,12835,12839,12835,12835,12835,798,285,285,265,265,0,279,0,0,0,-28000,-28000,-28000,-28000,-28000,-28000]} 1. d4 Nf6 2. c4 e6 3. Nc3 Bb4 4. Qc2 O-O 5. Nf3 d5 6. e3 c5 {6...c5 scores better than 6...b6.} 7. a3 Bxc3+ 8. bxc3 Nc6 {E38: Nimzo-Indian: Classical: 4...c5.} 9. Be2 Qc7 10. O-O Rd8 {[#] The position is equal.} 11. Rd1 $146 ({Predecessor:} 11. Bb2 b6 12. cxd5 Nxd5 13. c4 Nde7 14. dxc5 bxc5 15. Rad1 Bb7 16. Ng5 Ng6 17. f4 {1-0 (33) Nguyen,T (2052)-Doan,T (1946) Vietnam 2016}) 11... Qe7 12. Bb2 b6 13. cxd5 exd5 14. c4 Be6 (14... dxc4 $14 15. dxc5 (15. Bxc4 Na5 $14) 15... Qxc5) 15. Rac1 (15. cxd5 $16 Bxd5 16. dxc5) 15... cxd4 (15... dxc4 {looks sharper.} 16. Ng5 cxd4 17. Nxe6 d3 18. Qxc4 dxe2 19. Rxd8+ Nxd8 20. Nf4 Ne6) 16. cxd5 ({But not} 16. Nxd4 Nxd4 17. Bxd4 (17. Rxd4 Rac8 $11) 17... dxc4 $11) 16... Bxd5 17. Nxd4 Nxd4 18. Rxd4 Be6 19. Qc7 Qxc7 20. Rxc7 Rxd4 21. Bxd4 Nd5 22. Rc1 Rc8 23. Rxc8+ Bxc8 $14 {[%mdl 4096] Endgame KBB-KBN} 24. Be5 Kf8 25. Bb5 Bb7 26. Bd6+ Kg8 27. Kf1 a6 28. Bd3 Nc3 29. f3 b5 30. Ke1 Bd5 31. Kd2 Na4 32. Bb4 f6 33. Bf5 Nb6 {Prevents Bc8.} 34. Kc3 g6 35. Bc2 Kf7 36. Kd4 Ke6 37. e4 Bc4 38. f4 f5 (38... Be2 $14) 39. Ba5 Nd7 (39... Nc8 $142 40. exf5+ gxf5) 40. e5 (40. exf5+ $142 gxf5 41. g4 fxg4 42. Bxh7) 40... Ba2 41. h3 h5 42. Bd1 {Strongly threatening Bf3. A strong pair of Bishops.} Bd5 (42... Nf8 $16 {keeps fighting.}) 43. g4 (43. g3 $18) 43... hxg4 $16 44. hxg4 Nb8 {Threatens to win with ...Nc6+.} 45. gxf5+ ({Better is} 45. Bc7 Nd7 46. g5) 45... gxf5 46. Kc5 {aiming for Kb6.} Nc6 $2 (46... Nd7+ $16 47. Kd4 Nb8) 47. Bc3 $2 (47. Kb6 $1 $18 {is the precise move to win.}) 47... Ne7 48. Kb6 Bc4 49. Kc5 (49. Bd2 $1 $16) 49... Ng6 (49... Bd5 $1 $11) 50. Bd2 {Black must now prevent Bf3.} Ba2 $2 {[%mdl 8192]} (50... Ne7 $16 {is a better defense.} 51. a4 Kd7) 51. Be2 Bb3 52. Kb4 Ba2 {[#]} 53. Kc5 (53. Ka5 $1 $18) 53... Nxe5 $2 {[%mdl 8192]} 54. fxe5 $18 Kxe5 55. Bf3 f4 56. Bc3+ Kf5 57. Kb6 Bc4 58. Kc5 $2 (58. Bb4 $18 Kg5 59. Kxa6) 58... Bf1 $2 {[%mdl 8192]} (58... Ba2 $11 59. Bb7 Kg4 60. Bxa6 Kh3) 59. Kd4 Bh3 60. Bb4 Ke6 61. Ke4 Kd7 62. Kxf4 $2 (62. Ke5 {Kd5 is the strong threat.} Kc7 63. Ba5+ Kb8 64. Kxf4) 62... Kc7 63. Bc5 a5 {[%cal Ob5b4]} 64. Ke3 $2 (64. Bd1 $18) 64... Bd7 $2 {[%mdl 8192] [#]} (64... b4 $1 $11 {and Black has nothing to worry.}) 65. Kd4 $2 (65. Bd1 $1 $18) 65... b4 $1 $11 66. Bxb4 $2 {[%mdl 8192]} axb4 67. axb4 {Mate.} Kb6 68. Be2 Bh3 69. Bd3 {[%mdl 32768] Weighted Error Value: White=0.38/Black=0.35. An unexpected result.} 1/2-1/2

[Event "27th 4NCL Congress Open 2022"]
[Site "Harrogate"]
[Date "2022.01.21"]
[Round "1.13"]
[White "Onslow, Alfie"]
[Black "Smerdon, David C"]
[Result "1-0"]
[WhiteElo "2038"]
[BlackElo "2508"]
[Annotator "TA"]
[PlyCount "59"]
[EventDate "2022.01.21"]
[EventType "swiss"]
[EventCountry "ENG"]
[SourceTitle "playchess.com"]
[Source "ChessBase"]
[SourceQuality "1"]

{[%evp 10,59,46,45,48,50,73,59,84,46,107,60,128,71,73,35,28,0,126,133,138,109,174,172,340,336,336,331,330,324,449,447,523,526,540,522,786,741,852,787,983,979,1089,1097,1141,1131,1413,1408,1470,1464,5373,4922]} 1. e4 d6 2. d4 g6 3. Nc3 Bg7 4. Be3 a6 5. Qd2 b5 6. f3 Nc6 {B06: Modern Defence.} 7. O-O-O e5 {[#]} 8. d5 $146 ({Predecessor:} 8. Nce2 h6 9. h4 exd4 10. Nxd4 Nxd4 11. Bxd4 Nf6 12. Ne2 Be6 13. Kb1 Qe7 14. Nf4 {1-0 (37) Cardani,R (1923)-Zacco,R (1994) Milan 2007}) 8... Na5 {White is slightly better.} 9. g4 h6 (9... h5 $14) 10. h4 {White is more active.} ({White should try} 10. Nh3 $16) 10... Bd7 ({Better is} 10... h5 $1 $14) 11. Nh3 (11. h5 $142 $1) 11... Qxh4 $16 12. g5 hxg5 $1 13. Nf2 $36 {[%mdl 2048] White is more active.} (13. b3 $5 {[%cal Rf1g2]}) 13... Qxh1 (13... Qg3 $11) 14. Nxh1 {White leaves nothing to chance now.} Rxh1 15. Bxg5 f6 {[#]} (15... Kf8 $16 {was necessary.}) 16. Be3 $1 $18 {[%cal Bg5e3,Be3d2,Bd2b4][%mdl 32]} b4 $2 (16... Kf7 {was worth a try.} 17. Nb1 Rxf1 18. Qxa5 (18. Rxf1 Nc4 $16) 18... Rxd1+ 19. Kxd1 Rc8 20. Qxa6 b4) 17. Nb1 Rxf1 18. Rxf1 Nc4 {[#]} 19. Qg2 O-O-O 20. Bd2 {White is clearly winning.} Ne7 21. Rh1 a5 22. a3 c5 23. dxc6 Bxc6 24. axb4 axb4 25. Bxb4 f5 26. Qe2 Bb5 27. b3 fxe4 28. fxe4 Na3 29. c4 {[%cal Bc2c4,Bc4b5][%mdl 32]} Nxb1 30. cxb5 {Weighted Error Value: White=0.15 (very precise) /Black=0.59} 1-0

[Event "27th 4NCL Congress Open 2022"]
[Site "Harrogate"]
[Date "2022.01.21"]
[Round "1.14"]
[White "Pal, Rohan"]
[Black "Smith, Andrew Philip"]
[Result "1/2-1/2"]
[WhiteElo "1817"]
[BlackElo "2112"]
[Annotator "ChessBase"]
[PlyCount "67"]
[EventDate "2022.01.21"]
[EventType "swiss"]
[EventCountry "ENG"]
[SourceTitle "playchess.com"]
[Source "ChessBase"]
[SourceQuality "1"]
[TimeControl "5400+30"]

1. e4 {[%emt 0:00:02]} e5 {[%emt 0:09:34]} 2. Nf3 {[%emt 0:00:13]} d6 {[%emt 0:00:07]} 3. d4 {[%emt 0:00:12]} Nd7 {[%emt 0:00:09]} 4. Bc4 {[%emt 0:00:30]} Qe7 {[%emt 0:00:21]} 5. Ng5 {[%emt 0:01:51]} Nh6 {[%emt 0:00:22]} 6. Nc3 {[%emt 0:00:40]} c6 {[%emt 0:00:14]} 7. d5 {[%emt 0:05:06]} c5 {[%emt 0:01:39]} 8. O-O {[%emt 0:04:35]} g6 {[%emt 0:04:14]} 9. Be3 {[%emt 0:03:43]} Bg7 {[%emt 0:01:25]} 10. f3 {[%emt 0:10:16]} O-O {[%emt 0:17:46]} 11. Qd2 {[%emt 0:00:41]} Nb6 {[%emt 0:00:56]} 12. Be2 {[%emt 0:00:30]} f5 {[%emt 0:07:38]} 13. Ne6 {[%emt 0:02:02]} Bxe6 {[%emt 0:03:11]} 14. Bg5 {[%emt 0:01:36]} Bf6 {[%emt 0:11:10]} 15. Bxh6 {[%emt 0:00:23]} Bd7 {[%emt 0:00:13]} 16. Bxf8 {[%emt 0:00:22]} Rxf8 {[%emt 0:00:05]} 17. g3 {[%emt 0:12:16]} Bg5 {[%emt 0:02:52]} 18. Qe1 {[%emt 0:05:36]} a6 {[%emt 0:02:12]} 19. Nd1 {[%emt 0:06:48]} h5 {[%emt 0:04:11]} 20. Qa5 {[%emt 0:08:12]} Na8 {[%emt 0:03:01]} 21. Nf2 {[%emt 0:07:27]} Be3 {[%emt 0:03:23]} 22. Kg2 {[%emt 0:05:48]} Qg5 {[%emt 0:05:31]} 23. Nd1 {[%emt 0:03:39]} Bd2 {[%emt 0:01:45]} 24. Qa3 {[%emt 0:03:00]} f4 {[%emt 0:04:35]} 25. Kf2 {[%emt 0:02:43]} fxg3+ {[%emt 0:00:56]} 26. hxg3 {[%emt 0:00:11]} h4 {[%emt 0:01:44]} 27. Rg1 {[%emt 0:01:37]} hxg3+ {[%emt 0:01:03]} 28. Rxg3 {[%emt 0:00:27]} Be1+ {[%emt 0:03:30]} 29. Kxe1 {[%emt 0:00:13]} Qxg3+ {[%emt 0:00:06]} 30. Kd2 {[%emt 0:00:37]} Nc7 {[%emt 0:00:55]} 31. c4 {[%emt 0:02:33]} Ne8 {[%emt 0:01:35]} 32. Qe3 {[%emt 0:00:56]} Kg7 {[%emt 0:05:45]} 33. Nf2 {[%emt 0:01:35]} Qf4 {[%emt 0:00:58]} 34. Qxf4 {[%emt 0:01:47]} 1/2-1/2

[Event "27th 4NCL Congress Open 2022"]
[Site "Harrogate"]
[Date "2022.01.21"]
[Round "1.15"]
[White "Jarmany, John"]
[Black "Miller, George"]
[Result "1-0"]
[WhiteElo "2126"]
[BlackElo "1796"]
[Annotator "ChessBase"]
[PlyCount "51"]
[EventDate "2022.01.21"]
[EventType "swiss"]
[EventCountry "ENG"]
[SourceTitle "playchess.com"]
[Source "ChessBase"]
[SourceQuality "1"]
[TimeControl "5400+30"]

1. d4 {[%emt 0:10:19]} d5 {[%emt 0:00:15]} 2. c4 {[%emt 0:00:04]} e6 {[%emt 0:00:05]} 3. Nc3 {[%emt 0:00:10]} c5 {[%emt 0:00:08]} 4. cxd5 {[%emt 0:00:23]} exd5 {[%emt 0:00:06]} 5. e4 {[%emt 0:01:05]} dxe4 {[%emt 0:01:45]} 6. Bc4 {[%emt 0:00:11]} Bf5 {[%emt 0:04:59]} 7. Qb3 {[%emt 0:02:26]} Bg6 {[%emt 0:07:25]} 8. Qxb7 {[%emt 0:00:38]} Nd7 {[%emt 0:00:53]} 9. Nb5 {[%emt 0:12:43]} Rc8 {[%emt 0:05:01]} 10. Bf4 {[%emt 0:00:08]} cxd4 {[%emt 0:09:00]} 11. Nc7+ {[%emt 0:06:55]} Rxc7 {[%emt 0:00:34]} 12. Bxc7 {[%emt 0:00:21]} Bb4+ {[%emt 0:02:57]} 13. Kf1 {[%emt 0:01:44]} Nc5 {[%emt 0:00:44]} 14. Bb5+ {[%emt 0:02:34]} Kf8 {[%emt 0:01:06]} 15. Qc6 {[%emt 0:00:48]} Ne7 {[%emt 0:01:25]} 16. Qxc5 {[%emt 0:05:08]} Bxc5 {[%emt 0:08:05]} 17. Bxd8 {[%emt 0:00:04]} d3 {[%emt 0:00:21]} 18. Rc1 {[%emt 0:05:31]} Bd6 {[%emt 0:01:37]} 19. Ne2 {[%emt 0:02:50]} Nf5 {[%emt 0:00:27]} 20. Rc8 {[%emt 0:09:47]} f6 {[%emt 0:01:46]} 21. Nc3 {[%emt 0:04:54]} Nd4 {[%emt 0:01:42]} 22. Bc7+ {[%emt 0:01:54]} Ke7 {[%emt 0:00:17]} 23. Bxd6+ {[%emt 0:00:03]} Kxd6 {[%emt 0:00:07]} 24. Rxh8 {[%emt 0:00:11]} Nxb5 {[%emt 0:00:32]} 25. Nxb5+ {[%emt 0:00:09]} Kc5 {[%emt 0:00:05]} 26. Nc3 {[%emt 0:00:07]} 1-0

[Event "27th 4NCL Congress Open 2022"]
[Site "Harrogate"]
[Date "2022.01.21"]
[Round "1.16"]
[White "De Sousa Muachikape, Jael"]
[Black "Burnett, Andrew"]
[Result "0-1"]
[WhiteElo "1841"]
[BlackElo "2183"]
[Annotator "RC"]
[PlyCount "62"]
[EventDate "2022.01.21"]
[EventType "swiss"]
[EventCountry "ENG"]
[SourceTitle "playchess.com"]
[Source "ChessBase"]
[SourceQuality "1"]
[TimeControl "5400+30"]

1. d4 {[%emt 0:00:03]} Nf6 {[%emt 0:00:08]} 2. c4 {[%emt 0:00:04]} c5 {[%emt 0:00:22]} 3. d5 {[%emt 0:00:07]} e5 {[%emt 0:00:08]} 4. Nc3 {[%emt 0:01:26]} d6 {[%emt 0:00:05]} 5. e4 {[%emt 0:02:24]} Nbd7 {[%emt 0:00:05]} 6. Nf3 {[%emt 0:02:13]} g6 {[%emt 0:00:06]} 7. Be2 {[%emt 0:00:35]} a6 {[%emt 0:00:44]} 8. Bg5 {[%emt 0:00:45]} h6 {[%emt 0:01:00]} 9. Bd2 {[%emt 0:01:27]} Bg7 {[%emt 0:00:16]} 10. Qc2 {[%emt 0:00:27]} O-O {[%emt 0:01:20]} 11. h3 {[%emt 0:04:23]} Nh5 {[%emt 0:05:25]} 12. Qc1 {[%emt 0:01:26]} Kh7 {[%emt 0:02:07]} 13. g4 {[%emt 0:00:09]} Nf4 {[%emt 0:00:12]} 14. Bxf4 {[%emt 0:02:45]} exf4 {[%emt 0:00:07]} 15. g5 {[%emt 0:01:00]} Ne5 {[%emt 0:03:22]} 16. Qxf4 {[%emt 0:20:58]} Nxf3+ {[%emt 0:01:24]} 17. Qxf3 {[%emt 0:00:07]} Qxg5 {[%emt 0:03:31]} 18. h4 {[%emt 0:00:39]} Qe5 {[%emt 0:00:26]} 19. Rg1 {[%emt 0:07:16]} Bd7 {[%emt 0:02:50]} 20. Rb1 {[%emt 0:13:29]} b5 {[%emt 0:04:05]} 21. Bd3 {[%emt 0:02:55]} bxc4 {[%emt 0:05:11]} 22. Bxc4 {[%emt 0:00:15]} Rab8 {[%emt 0:00:27]} 23. Rg3 {[%emt 0:02:39]} f5 {[%emt 0:06:55]} 24. Bxa6 {[%emt 0:00:08]} fxe4 {[%emt 0:04:44]} 25. Qg2 {[%emt 0:03:20]} Rf3 {[%emt 0:02:44]} 26. Nd1 {[%emt 0:07:04]} Rxg3 {[%emt 0:02:45]} 27. fxg3 {[%emt 0:00:28]} Qxd5 {[%emt 0:00:30]} 28. Qc2 {[%emt 0:05:47]} Qe5 {[%emt 0:01:28]} 29. Kf2 {[%emt 0:01:17]} e3+ {[%emt 0:00:34]} 30. Nxe3 {[%emt 0:00:49]} Rf8+ {[%emt 0:00:20]} 31. Ke2 {[%emt 0:02:43]} Bg4+ {[%emt 0:00:16]} 0-1